LDR 00908naa#a2200181#i#450# 001 RU\\bibl\121274 005 20260502002601.6 011 ## _a1994-4683 100 ## _a20230803b2023####ek#y0rusy0150####ca 102 ## _aRU 200 1# _aРОЛЬ УЧИТЕЛЯ ФИЗИЧЕСКОЙ КУЛЬТУРЫ В СТАНОВЛЕНИИ ЛИЧНОСТИ СТУДЕНТА _eЖурнальная статья 210 1# _aМосква _cНациональный государственный Университет физической культуры, спорта и здоровья им. П.Ф. Лесгафта _d2023 215 ## _a3 с. 608 ## _aЖурнальная статья _2local 675 ## _aПрава, связанные с участием в практических занятиях, семинарах. 378.24 _z 700 #1 _aЕременко _gВ Н 700 #1 _aАгеева _gК С 856 4# _auchzapiski.lesgaft.spb.ru _u